| 000 | 01055nam a2200289 i 4500 | ||
|---|---|---|---|
| 001 | 181859 | ||
| 003 | ES-MaACL | ||
| 005 | 20240516101411.0 | ||
| 008 | 130503s2011 sp a |||| | spa d | ||
| 020 | _a978-84-15398-02-8 | ||
| 080 | _a821.134.2-14"19/20"(082.2) | ||
| 080 | _a821.134.2(7/8)-14"19"(082.2) | ||
| 245 | 0 | 0 |
_aPoetas : _bprimera antología de poesía con matemáticas / _cselección y prólogo de Jesús Malia ; [Rodolfo Hinostroza ... et al.]. |
| 250 | _a1ª ed. | ||
| 260 |
_a[Colmenar Viejo] : _bAmargord, _c2011. |
||
| 300 |
_a239 p. : _bil. ; _c22 cm. |
||
| 490 | 1 | _aColección Pi de poesía | |
| 650 | 0 | 4 |
_aPoesías españolas- _yS.XX. _916221 |
| 650 | 4 |
_aPoesía española- _yS.XXI _916222 |
|
| 650 | 4 |
_aPoesía hispanoamericana- _yS.XX _916227 |
|
| 700 | 1 |
_aMalia, Jesús ( _d1978-) _9152666 |
|
| 700 | 1 |
_aHinostroza, Rodolfo. _963780 |
|
| 830 | 0 |
_aColección Pi de poesía _9224755 |
|
| 852 |
_aES-MaACL _jA-12675 _9188767 _bR.148649 _cDEPO1 _dOlim: N-5676 |
||
| 942 |
_2udc _cMONOGRAFIA |
||
| 999 |
_c181859 _d181859 |
||